| 000 | 00552nam a2200217Ia 4500 | ||
|---|---|---|---|
| 001 | 12097 | ||
| 003 | GE_BSU | ||
| 008 | 181216s||||||||xx |||||||||||||| ||und|| | ||
| 020 | _a9785225046762 | ||
| 040 | _cGE_BSU | ||
| 080 | _a615.83(075.9) | ||
| 245 | _aЧастная физиотерапия | ||
| 245 | _cПод.ред. Г.Н.Пономаренко | ||
| 260 | _aМосква | ||
| 260 | _bМедицина | ||
| 260 | _c2005 | ||
| 300 | _a744стр. | ||
| 541 | _h90Gel. | ||
| 653 | _aЧастная физиотерапия | ||
| 942 | _cBK | ||
| 999 |
_c45273 _d45273 |
||